Теоретическая механика Учебное пособие для студентов 1-2 куров, обучающихся по всем направлениям подготовки и специальностям очной и заочной форм обучения Ч. 1 Теоретическая механика
В учебном пособии дано краткое изложение теоретических положений по всем разделам теоретической механики: статике, кинематике и динамике. Учебное пособие предназначено для аудиторной и самостоятельной работы, выполнения расчетно-графических и курсовых работ по дисциплинам «Теоретическая механика», «...
Guardat en:
| Format: | Книга |
|---|---|
| Idioma: | Russian |
| Publicat: |
пос. Караваево
КГСХА
2018
|
| Accés en línia: | https://e.lanbook.com/book/133679 https://e.lanbook.com/img/cover/book/133679.jpg |
| Etiquetes: |
Afegir etiqueta
Sense etiquetes, Sigues el primer a etiquetar aquest registre!
|
| LEADER | 01983nam0a2200241 i 4500 | ||
|---|---|---|---|
| 001 | 133679 | ||
| 003 | RuSpLAN | ||
| 005 | 20221220174042.0 | ||
| 008 | 221220s2018 ru gs 000 0 rus | ||
| 040 | |a RuSpLAN | ||
| 041 | 0 | |a rus | |
| 044 | |a ru | ||
| 080 | |a 531 (575) | ||
| 084 | |a 22.2 |2 rubbk | ||
| 245 | 1 | |a Теоретическая механика |b Учебное пособие для студентов 1-2 куров, обучающихся по всем направлениям подготовки и специальностям очной и заочной форм обучения |n Ч. 1 |p Теоретическая механика | |
| 260 | |a пос. Караваево |b КГСХА |c 2018 | ||
| 300 | |a 71 с. | ||
| 504 | |a Библиогр.: доступна в карточке книги, на сайте ЭБС Лань | ||
| 520 | 8 | |a В учебном пособии дано краткое изложение теоретических положений по всем разделам теоретической механики: статике, кинематике и динамике. Учебное пособие предназначено для аудиторной и самостоятельной работы, выполнения расчетно-графических и курсовых работ по дисциплинам «Теоретическая механика», «Техническая механика», «Сопротивление материалов», «Прикладная механика» для студентов всех направлений подготовки и специальностей очной и заочной форм обучения. | |
| 521 | 8 | |a Книга из коллекции КГСХА - Теоретическая механика | |
| 856 | 4 | |u https://e.lanbook.com/book/133679 | |
| 856 | 4 | 8 | |u https://e.lanbook.com/img/cover/book/133679.jpg |
| 953 | |a https://e.lanbook.com/img/cover/book/133679.jpg | ||